000
00293nam a22001337a 4500
008
170714b xxu||||| |||| 00| 0 eng d
020
_a
9780385425339
041
_a
eng
080
_a
101
100
_a
24
101
_a
FIL
245
_a
PHILOSOPHY MADE SIMPLE
_c
POPKIN, R.H
942
_2
udc
_c
BK
999
_c
20676
_d
20676